Clarice : uma vida que se conta /

Guardado en:
Bibliografiske detaljer
Hovedforfatter: Gotlib, Nádia Battella
Format: Ukendt
Sprog:Portuguese
Udgivet: Sao Paulo, Brasil : Editora Atica, 1995.
Udgivelse:3. edición
Fag:
Tags: Tilføj Tag
Ingen Tags, Vær først til at tagge denne postø!

MARC

LEADER 000000000a22000000004500
001 015227
020 |a 8508053215 
041 0 |a por 
082 0 4 |a Br869.3B   |b L771g3 
100 1 |a Gotlib, Nádia Battella 
245 1 0 |a Clarice :   |b uma vida que se conta /   |c Nádia Battella Gotlib. 
250 |a 3. edición 
260 1 |a Sao Paulo, Brasil :   |b Editora Atica,   |c 1995. 
300 |a 493 páginas :   |b ilustraciones 
650 4 |a LISPECTOR, CLARICE, 1925-1977 
650 4 |a AUTORES BRASILEÑOS 
500 |a Colección George Yúdice 
999 |c 21085  |d 21085 
942 |c BK  |h Br869.3B L771g3  |2 z